000 00582cam a22002053a 4500
001 38307
003 PGUSA
005 20140828083838.0
008 111214s2011||||xxu|||||s|||||000 | eng d
040 _aPGUSA
_beng
042 _adc
100 1 _aDouglas, Alan
245 1 0 _aGreat Hike ;
_bor, The Pride of the Khaki Troop
_h[electronic resource] /
_cAlan Douglas
260 _bProject Gutenberg,
_c2011
506 _aPublic domain in the USA.
516 _aElectronic text
830 0 _aProject Gutenberg
_v38307
856 4 0 _uhttp://www.gutenberg.org/ebooks/38307
942 _cEB
999 _c267561
_d267561